000 00585cam a22002291 4500
001 sa 68005615
003 DLC
005 20260227112510.0
008 891114s1967 ii b 000 0 hino
010 _asa 68005615
035 _a(OCoLC)20646659
040 _aDLC
_cWaU
_dDLC
042 _apremarc
050 0 0 _aPK2095.S8
_bB53
100 0 _aDevendra Kumar,
_d1922-
245 1 0 _aBhramaragīta aura Sūra.
260 _c[1967]
300 _a182 p.
_c23 cm.
500 _aIn Hindi.
504 _aBibliographical footnotes.
600 0 0 _aSūradāsa,
_d1483?-1563?
_tBhramaragīta.
999 _c80813
_d80813